| 000 | 00442nam a2200157 a 4500 | ||
|---|---|---|---|
| 005 | 20140310183141.0 | ||
| 008 | 020822s19uu xx 00 eng d | ||
| 050 |
_aQA 39.3 _b.M427 1998 |
||
| 100 | _aMatousek, Jiri | ||
| 245 |
_aInvitation to discrete mathematics / _cJiri Matousek. |
||
| 300 |
_a443 p. : _bill. ; _c24 cm. |
||
| 650 | _aMathematics | ||
| 650 |
_aComputer science _xmathematics |
||
| 942 |
_cBK _2lcc _kFOR |
||
| 999 |
_c19416 _d19416 |
||